000 00302nam a22001337a 4500
008 170504b xxu||||| |||| 00| 0 eng d
020 _a9780534196318
041 _aeng
080 _a343.9
100 _a14
101 _aSHJ
245 _aMAJOR CRIMINOLOGY THEORES
_cCULLEN.F.T
942 _2udc
_cBK
999 _c12701
_d12701